Modern Economics: An Analytical Study (Record no. 53282)

000 -LEADER
fixed length control field 00364nam a2200145Ia 4500
008 - FIXED-LENGTH DATA ELEMENTS--GENERAL INFORMATION
fixed length control field 260330s9999 xx 000 0 und d
020 ## - INTERNATIONAL STANDARD BOOK NUMBER
International Standard Book Number 9.7893525315e+012
082 ## - DEWEY DECIMAL CLASSIFICATION NUMBER
Classification number 330
Item number AHU/M
100 ## - MAIN ENTRY--PERSONAL NAME
Personal name Ahuja, H.L.
245 #0 - TITLE STATEMENT
Title Modern Economics: An Analytical Study
250 ## - EDITION STATEMENT
Edition statement 20th
260 ## - PUBLICATION, DISTRIBUTION, ETC.
Place of publication, distribution, etc. New
Name of publisher, distributor, etc. S.Chand And Company Ltd
Date of publication, distribution, etc. 2021
300 ## - PHYSICAL DESCRIPTION
Extent 912p.
942 ## - ADDED ENTRY ELEMENTS (KOHA)
Koha item type Book
Holdings
Withdrawn status Lost status Damaged status Not for loan Collection code Permanent Location Current Location Date acquired Cost, normal purchase price Full call number Barcode Date last seen Price effective from Koha item type
        School of Management (Noida) MUIT-NOIDA MUIT-NOIDA 2026-03-30 1195.00 330 AHU/M SOM00655 2026-03-30 2026-03-30 Book

All Rights Reserved@MUIT

Powered by Koha